Методологические вопросы повышения качества подготовки специалистов; Инженерное образование; № 3
| Parent link: | Инженерное образование: электронный научный журнал/ Ассоциация инженерного образования России (АИОР).— : [Б. и.], 2003-.— 1810-2883 № 3.— 2005.— [С. 22-25] |
|---|---|
| 1. Verfasser: | |
| Weitere Verfasser: | |
| Zusammenfassung: | Заглавие с титульного листа Methodological problems of improving specialists' preparation is presented here. The description of methodological scheme of thinking formation during the process of study is considered in the article. The importance of use of psychology in the thinking process( dynamic in thinking on subconsciousness) in the actual methods of teaching is discussed. |
| Sprache: | Russisch |
| Veröffentlicht: |
2005
|
| Schriftenreihe: | Методологические вопросы качества образования |
| Schlagworte: | |
| Online-Zugang: | https://old.aeer.ru/files/io/m3/art_3.pdf |
| Format: | MixedMaterials Elektronisch Buchkapitel |
| KOHA link: | https://koha.lib.tpu.ru/cgi-bin/koha/opac-detail.pl?biblionumber=506377 |
MARC
| LEADER | 00000naa2a2200000 4500 | ||
|---|---|---|---|
| 001 | 506377 | ||
| 005 | 20250520134648.0 | ||
| 035 | |a (RuTPU)RU\TPU\prd\177286 | ||
| 035 | |a RU\TPU\prd\177284 | ||
| 090 | |a 506377 | ||
| 100 | |a 20130514d2005 k y0rusy50 ca | ||
| 101 | 0 | |a rus | |
| 102 | |a RU | ||
| 135 | |a drnn ---uucaa | ||
| 181 | 0 | |a i | |
| 182 | 0 | |a b | |
| 200 | 1 | |a Методологические вопросы повышения качества подготовки специалистов |b Электронный ресурс |f В. В. Нейман, В. И. Тарасов | |
| 203 | |a Текст |c электронный | ||
| 215 | |a 1 файл (232 Кб) | ||
| 225 | 1 | |a Методологические вопросы качества образования | |
| 230 | |a Электронные текстовые данные (1 файл : 232 Кб) | ||
| 300 | |a Заглавие с титульного листа | ||
| 320 | |a [Библиогр.: с. 25 (3 назв.)] | ||
| 330 | |a Methodological problems of improving specialists' preparation is presented here. The description of methodological scheme of thinking formation during the process of study is considered in the article. The importance of use of psychology in the thinking process( dynamic in thinking on subconsciousness) in the actual methods of teaching is discussed. | ||
| 337 | |a Adobe Reader | ||
| 461 | 1 | |0 (RuTPU)RU\TPU\prd\176632 |x 1810-2883 |t Инженерное образование |o электронный научный журнал |f Ассоциация инженерного образования России (АИОР) |n [Б. и.] |d 2003- | |
| 463 | 1 | |0 (RuTPU)RU\TPU\prd\177282 |t № 3 |v [С. 22-25] |d 2005 | |
| 610 | 1 | |a высшее техническое образование | |
| 610 | 1 | |a качество | |
| 610 | 1 | |a специалисты | |
| 610 | 1 | |a подготовка | |
| 610 | 1 | |a методологические вопросы | |
| 610 | 1 | |a методологические схемы | |
| 610 | 1 | |a электронный ресурс | |
| 700 | 1 | |a Нейман |b В. В. |g Виктор Владимирович | |
| 701 | 1 | |a Тарасов |b В. И. |g Владимир Иннокентьевич | |
| 801 | 1 | |a RU |b 63413507 |c 20090623 |g PSBO | |
| 801 | 2 | |a RU |b 63413507 |c 20160310 |g PSBO | |
| 856 | 4 | |u https://old.aeer.ru/files/io/m3/art_3.pdf | |
| 942 | |c BK | ||